| 000 | 00590nam a2200193 u 4500 | ||
|---|---|---|---|
| 005 | 20240314063636.0 | ||
| 008 | 080613s2007 ea r 000 0 spa d | ||
| 020 | _a140426793X | ||
| 035 | _aUPN01000156864 | ||
| 049 | _aI | ||
| 050 | 4 |
_aPZ7 _bG7.6 |
|
| 100 | 1 | _aGrace, Elora | |
| 245 | 1 | 1 |
_a¡Paraguas y más paraguas! / _cElora Grace ; tr. María Cristina Brusca. |
| 260 |
_aNew York : _bRosen Classroom Books & Materials, _c2007. |
||
| 300 |
_a8 p. : _bil. col. |
||
| 440 | 0 |
_aLecturas del barrio. _pHumor |
|
| 650 | 4 |
_aCuentos infantiles estadounidenses _910762 |
|
| 905 | _aInfantil | ||
| 999 |
_c128978 _d128978 |
||